Culture Générale - Série 1711 - Statistiques

Statistiques générales
  • Ce quiz a été pris 93 fois
  • Le résultat moyen est 5 sur 10
Statistiques - réponses
Question Réponse % Correct
Comme l'indique l'étymologie, de quel organe le "néphrologue" est-il le spécialiste ? rein
76%
Officiellement, à quel numéro de Downing Street le Premier ministre britannique réside-t-il ? 10
66%
Quel était l'instrument de prédilection de John Coltrane ? saxophone
55%
Quel cinéaste franco-polonais a réalisé le film "The Ghost Writer", avec Ewan McGregor et Pierce Brosnan ? Roman Polanski
48%
En 2010, le film de Xavier Beauvois qui traite de la vie d'un groupe de moines dans les montagnes du Maghreb s'intitule : "Des hommes et des... dieux
45%
Quel quartier de Paris est chanté par Juliette Gréco dans “Il n'y a plus d'après” ? Saint-Germain-des-Près
45%
Quelle substance aromatique, extraite d'un fruit se présentant sous forme de gousses, signifie "gaine" en latin ? vanille
45%
Dans quel département français, se trouve la plaine caillouteuse de la Crau, ancien delta de la Durance ? Bouches-du-Rhône
34%
Quelle spécialité culinaire est appelée "alouette sans tête" ? paupiette
27%
Quel chanteur américain connaît le succès, en 1983, avec la chanson : "All Night Long" ? Lionel Richie
18%
Aucun quiz correspondant
Distribution des résultats
% des personnes avec chaque résultat
Percentile par nombre de réponses
Votre historique - résultats
Vous n’avez pas pris ce quiz